Analýza a porovnanie modelov optimalizácie portfólia diplomová práca

Saved in:
Bibliographic Details
Main Author: Kozubaľová, Magdaléna
Corporate Author: Fakulta hospodárskej informatiky EU. Katedra matematiky a aktuárstva
Other Authors: Smažáková, Lenka, 1991-
Format: Book
Language:Slovak
Published: Bratislava 2024
Tags: Add Tag
No Tags, Be the first to tag this record!

MARC

LEADER 00000nbm a2200000 4500
001 0301255
005 20250129085647.7
041 0 |a slo 
044 |a SK 
245 1 0 |a Analýza a porovnanie modelov optimalizácie portfólia  |b diplomová práca  |c Magdaléna Kozubaľová ; školiteľ: Lenka Smažáková 
264 1 |a Bratislava  |c 2024 
300 |a 86 s. 
100 1 |a Kozubaľová, Magdaléna 
700 1 |a Smažáková, Lenka, 1991- 
710 2 |a Fakulta hospodárskej informatiky EU. Katedra matematiky a aktuárstva